| 000 | 01184cam a22003135a 4500 | ||
|---|---|---|---|
| 001 | L158891 | ||
| 008 | 100114s2015 xxko f 000 0 eng d | ||
| 020 | _a9781848064249 | ||
| 035 | _a(Sirsi) u158891 | ||
| 041 | 0 | _aeng | |
| 050 | 0 | 4 | _a690 $2 18 |
| 100 | 1 | _aBlackmore, Paul | |
| 245 | 0 | 0 |
_aDetermining wind actions using Eurocode 1 _bPart 2 _bWorked examples - wind loads on a two-storey house and 128 m tower |
| 260 |
_aWatford _bBRE _c2015 |
||
| 300 |
_a16p. _bill. _c30cm. |
||
| 490 | 0 |
_aBRE Digest _v(DG 436-2) |
|
| 520 | _aDemonstrates the calculation procedure for determining wind loads and includes example calculations for a two-storey house and a 120 m residential tower on a two-storey (8 m) podium. This is the second part of a three-part Digest giving guidance on the use of Eurocode 1 (BS EN 1991-1-4). | ||
| 520 | _aThis update to Part 2 replaces the guidance published in 1999. | ||
| 521 | _aAdvanced | ||
| 590 | _aKA | ||
| 650 | 2 | 4 | _aEUROCODE 1 |
| 650 | 2 | 4 | _aWIND LOADING |
| 650 | 2 | 4 | _aWIND CONTROL |
| 650 | 2 | 4 | _aPEAK VELOCITY PRESSURE |
| 651 | 4 |
_aUnited Kingdom _y |
|
| 690 |
_aEnvironment _96238 |
||
| 690 |
_aEnergy _96237 |
||
| 942 |
_n0 _2ddc |
||
| 999 |
_c115570 _d115570 |
||